000 01230cas a2200337 a 4500
001 data
005 20260322212120.0
008 data
010 _a 99107197
022 _a0775-3276
023 0 _a0775-3276
029 1 _aAU@
_b000020082678
035 _a(OCoLC)41223166
040 _aDLC
_beng
_cDLC
_dOCLCQ
_dHLS
_dOCLCQ
_dOCLCF
_dOCLCO
_dOCLCQ
042 _apcc
050 0 0 _aAS242
_b.B3415
245 0 0 _aPublication de la Classe des beaux-arts.
_pCollection in-4o.
246 3 0 _aCollection in-4o
260 _aBruxelles :
_bAcadémie Royale de Belgique, Classe des beaux-arts
300 _av. :
_bill. ;
_c29 cm.
588 _aDescription based on: 3. sér., t. 2, published in 1997.
650 0 _aArts.
650 7 _aArts.
_2fast
_0(OCoLC)fst00817721
710 2 _aAcadémie royale des sciences, des lettres et des beaux-arts de Belgique.
_bClasse des beaux-arts.
780 0 0 _tMémoires de la Classe des beaux-arts. Collection in-4o
_w(OCoLC)13173688
_w(OCoLC)13173688
785 0 0 _tPublication de la Classe des arts. Collection in-4o
906 _a7
_bcbc
_cserials
_du
_encip
_f19
_gn-oclcserc
991 _bc-GenColl
_hAS242
_i.B3415
_wSERIALS
999 _c1832
_d1832